Guía de traducción Inglés Castellano para la Ciencia y la Técnica / (Registro nro. 394)
[ vista simple ]
| 000 -LEADER | |
|---|---|
| fixed length control field | 00849 am a2200265 a 4500 |
| 005 - FECHA ULTIMA MODIFICACION | |
| control field | 20240625095944.0 |
| 008 - CAMPO DE CONTROL (LIBRO) | |
| fixed length control field | 100622s1988||||ag # f |||| 001 0 spa d |
| 020 ## - INTERNATIONAL STANDARD BOOK NUMBER | |
| ISBN | 9502100859 |
| 041 ## - CODIGO DE IDIOMA | |
| Código de idioma del texto/pista de sonido o título separado | spa |
| 041 ## - CODIGO DE IDIOMA | |
| Código de idioma del texto/pista de sonido o título separado | eng |
| 092 ## - SIGNATURA TOPOGRAFICA DEWEY LOCAL | |
| número de clasificación | 610.03 |
| libristica | 31 |
| sección | GUI |
| 245 ## - TITULO PROPIAMENTE DICHO | |
| Título | Guía de traducción Inglés Castellano para la Ciencia y la Técnica / |
| Mención de responsabilidad y remanente de la transcripción de la portada | Dora Legorburu |
| 250 ## - MENCION DE EDICION | |
| Mención de edición | 2a ed. |
| 260 ## - PIE DE IMPRENTA | |
| Lugar de publicación, distribución, etc | Buenos Aires: |
| Nombre de la editorial, distribuidor, etc | Plus Ultra; |
| Fecha de publicación | 1988. |
| 300 ## - DESCRIPCION FISICA | |
| Extension | 195 p. |
| 500 ## - NOTA GENERAL | |
| Nota general | Legorburu, D. et al. (1988). Guía de traducción Inglés Castellano para la Ciencia y la Técnica. (2a ed.). Buenos Aires : Plus Ultra. |
| 653 ## - TÉRMINO INDIZADO - PALABRAS CLAVES | |
| Palabra clave | Ciencias Medicas |
| 653 ## - TÉRMINO INDIZADO - PALABRAS CLAVES | |
| Palabra clave | Diccionarios |
| 700 1# - ENTRADAS SECUNDARIAS - NOMBRE PERSONAL | |
| Nombre personal | Legorburu, Dora |
| 9 (RLIN) | 1189 |
| 700 1# - ENTRADAS SECUNDARIAS - NOMBRE PERSONAL | |
| Nombre personal | Montero, Mabel. |
| 9 (RLIN) | 1190 |
| 700 1# - ENTRADAS SECUNDARIAS - NOMBRE PERSONAL | |
| Nombre personal | Sagredo, Estela. |
| 9 (RLIN) | 1191 |
| 700 1# - ENTRADAS SECUNDARIAS - NOMBRE PERSONAL | |
| Nombre personal | Viviani, Martha. |
| 9 (RLIN) | 1192 |
| 930 ## - NUMERO DE INVENTARIO | |
| Número de inventario | 1650 |
| 942 ## - ADDED ENTRY ELEMENTS (KOHA) | |
| Source of classification or shelving scheme | Dewey Decimal Classification |
| Item type | Libros |
| Estado de retiro | Existencia | Estado general | No para prestamo | Ubicación permanente | ubicación actual | Sala de ubicación | Fecha de adquisición | Total Checkouts | Número de clasificación | Código de barras | Date last seen | Número de ejemplar | Price effective from | Koha tipo de elemento (item) |
|---|---|---|---|---|---|---|---|---|---|---|---|---|---|---|
| Biblioteca Medicina | Biblioteca Medicina | Circulación | 13/05/2011 | 610.03 31 GUI | 1650 | 06/11/2014 | ej.1 | 13/05/2011 | Libros |